000 00986nam a22003137a 4500
003 CHAP
005 20220329135534.0
008 971013s1987 r 00010 d
010 _a38186
011 _a39158
035 _a43278
040 _cCHAP
082 _a632
_bP34
110 _aPatronato para la Investigación, Fomento y Sanidad Vegetal. Reynosa, Tamps.
_986224
245 _aManual fitosanitario
260 _a(s.l.) :
_bEl Patronato,
_c(1987?)
300 _ac.a. 135 p.
_b: láms.
590 _aBATCH-UPD
_b10
_c20130110
_lUCH01
_h0147
590 _aBATCH-UPD
_b10
_c20130110
_lUCH01
_h1745
590 _aCONVERSION
_b10
_c20130109
_lUCH01
_h1321
650 1 4 _aAgricultura
_xTamaulipas.
_91833
650 1 4 _aCultivos
_xEnfermedades.
_930262
650 1 4 _aCultivos
_xPlagas.
_930305
650 1 4 _aLegumbres
_xEnfermedades.
_965709
650 1 4 _aLegumbres
_xPlagas.
_965768
901 _aBK
942 _cLIBRO
949 _a632 P34
_bBC
_cLIBRO
_d-99263
_eLIBRO
_h73105
_i43278
_mD
_si
999 _c38186
_d38186